000 00975nas a2200301 4500
001 BR2015001049
003 BR-BrBNA
005 20231205125116.0
007 ta
008 230509b bl.|||p| |||| 00| 00por d
040 _aBR-BrBNA
_bpor
_cBiblioteca Nacional de Agricultura
041 _a(Pt)
072 _aF04
100 1 _aLima, M.M. de
100 1 _aAzevedo, C.A.V. de
100 1 _aBeltrão, N.E. de M.
100 1 _aLima, V.L.A. de
100 1 _aNascimento, M.B.H. de
100 1 _aFigueirêdo, I.C. de M.
245 1 _aNíveis de adubação nitrogenada e bioestimulante na produção e qualidade do algodão BRS verde
650 _aALGODÃO
650 _aGOSSYPIUM HIRSUTUM
650 _aFIBRA VEGETAL
650 _aMANEJO DO SOLO
773 0 _tRevista Brasileira de Engenharia Agrícola e Ambiental (Brasil)
_xISSN 1415-4366
_g(Jul-Sep 2006), v. 10(3) p. 619-623
_wBR2015001049
909 _a202311
_bLúcia
_c55
_dLúcia Elande
942 _2AGRIS
_n0
_cANA
999 _c242677
_d242677